Imāma Gāyyālī. (Record no. 78511)

MARC details
000 -LEADER
fixed length control field 00605cam a22002411 4500
001 - CONTROL NUMBER
control field sa 68002189
003 - CONTROL NUMBER IDENTIFIER
control field DLC
005 - DATE AND TIME OF LATEST TRANSACTION
control field 20260227112440.0
008 - FIXED-LENGTH DATA ELEMENTS--GENERAL INFORMATION
fixed length control field 941108s1965 ii b 000 0 beno
010 ## - LIBRARY OF CONGRESS CONTROL NUMBER
LC control number sa 68002189
025 ## - OVERSEAS ACQUISITION NUMBER
Overseas acquisition number PL480:EP-B-1264
035 ## - SYSTEM CONTROL NUMBER
System control number (OCoLC)31426551
040 ## - CATALOGING SOURCE
Original cataloging agency DLC
Transcribing agency CU
Modifying agency CU
-- DLC
042 ## - AUTHENTICATION CODE
Authentication code premarc
050 00 - LIBRARY OF CONGRESS CALL NUMBER
Classification number B753.G34
Item number R3
100 1# - MAIN ENTRY--PERSONAL NAME
Personal name Rasul, Muhammad Gholam,
Dates associated with a name 1921-
245 10 - TITLE STATEMENT
Title Imāma Gāyyālī.
260 ## - PUBLICATION, DISTRIBUTION, ETC.
Date of publication, distribution, etc. [1965]
300 ## - PHYSICAL DESCRIPTION
Extent 101, [1] p.
Dimensions 19 cm.
500 ## - GENERAL NOTE
General note In Bengali.
504 ## - BIBLIOGRAPHY, ETC. NOTE
Bibliography, etc. note Bibliography: p. [102]
600 00 - SUBJECT ADDED ENTRY--PERSONAL NAME
Personal name Ghazzālī,
Dates associated with a name 1058-1111.

No items available.

Powered by Koha